LEADER 04162nam 22008292 450 001 9910449775203321 005 20151005020621.0 010 $a1-107-11959-6 010 $a0-511-01071-0 010 $a1-280-15468-3 010 $a0-511-11840-6 010 $a0-511-15110-1 010 $a0-511-31046-3 010 $a0-511-48468-2 010 $a0-511-04970-6 035 $a(CKB)1000000000003895 035 $a(EBL)202380 035 $a(OCoLC)475917791 035 $a(SSID)ssj0000280610 035 $a(PQKBManifestationID)11241374 035 $a(PQKBTitleCode)TC0000280610 035 $a(PQKBWorkID)10290803 035 $a(PQKB)10979213 035 $a(UkCbUP)CR9780511484681 035 $a(MiAaPQ)EBC202380 035 $a(Au-PeEL)EBL202380 035 $a(CaPaEBR)ebr10064626 035 $a(CaONFJC)MIL15468 035 $a(EXLCZ)991000000000003895 100 $a20090226d2000|||| uy| 0 101 0 $aeng 135 $aur||||||||||| 181 $ctxt$2rdacontent 182 $cc$2rdamedia 183 $acr$2rdacarrier 200 10$aImagination under pressure, 1789-1832 $eaesthetics, politics, and utility /$fJohn Whale$b[electronic resource] 210 1$aCambridge :$cCambridge University Press,$d2000. 215 $a1 online resource (xii, 240 pages) $cdigital, PDF file(s) 225 1 $aCambridge studies in Romanticism ;$v39 300 $aTitle from publisher's bibliographic system (viewed on 05 Oct 2015). 311 $a0-521-02271-1 311 $a0-521-77219-2 320 $aIncludes bibliographical references (p. 227-236) and index. 327 $aBurke and the civic imagination -- Paine's attack on artifice -- Wollstonecraft, imagination, and futurity -- Hazlitt and the limits of the sympathetic imagination -- Cobbett's imaginary landscape -- Coleridge and the afterlife of imagination. 330 $aThis ambitious study, first published in 2000, offers a radical reassessment of one of the most important concepts of the Romantic period - the imagination. In contrast to traditional accounts, John Whale locates the Romantic imagination within the period's lively and often antagonistic polemics on aesthetics and politics. In particular he focuses on the different versions of imagination produced within British writing in response to the cultural crises of the French Revolution and the ideology of utilitarianism. Through detailed analysis of key texts by Burke, Paine, Wollstonecraft, Bentham, Hazlitt, Cobbett and Coleridge, Imagination under Pressure seeks to restore the role of imagination as a more positive force within cultural critique. The book concludes with a chapter on the afterlife of the Coleridgean imagination in the work of John Stuart Mill and I. A. Richards. As a whole it represents a timely and inventive contribution to the ongoing redefinition of Romantic literary and political culture. 410 0$aCambridge studies in Romanticism ;$v39. 606 $aEnglish literature$y19th century$xHistory and criticism 606 $aPolitics and literature$zGreat Britain$xHistory$y19th century 606 $aPolitics and literature$zGreat Britain$xHistory$y18th century 606 $aEnglish literature$y18th century$xHistory and criticism 606 $aPolitical science$zGreat Britain$xHistory$y19th century 606 $aPolitical science$zGreat Britain$xHistory$y18th century 606 $aUtilitarianism$zGreat Britain$xHistory 606 $aRomanticism$zGreat Britain 606 $aAesthetics, British 615 0$aEnglish literature$xHistory and criticism. 615 0$aPolitics and literature$xHistory 615 0$aPolitics and literature$xHistory 615 0$aEnglish literature$xHistory and criticism. 615 0$aPolitical science$xHistory 615 0$aPolitical science$xHistory 615 0$aUtilitarianism$xHistory. 615 0$aRomanticism 615 0$aAesthetics, British. 676 $a820.9/358 700 $aWhale$b John C.$0450818 801 0$bUkCbUP 801 1$bUkCbUP 906 $aBOOK 912 $a9910449775203321 996 $aImagination under pressure, 1789-1832$92492516 997 $aUNINA LEADER 03681nam 2200601Ia 450 001 996205519503316 005 20230617005343.0 010 $a1-280-74797-8 010 $a9786610747979 010 $a0-470-98484-8 010 $a0-470-99484-3 010 $a1-4051-7349-1 035 $a(CKB)1000000000341959 035 $a(EBL)284203 035 $a(OCoLC)85821283 035 $a(SSID)ssj0000267013 035 $a(PQKBManifestationID)11200871 035 $a(PQKBTitleCode)TC0000267013 035 $a(PQKBWorkID)10305410 035 $a(PQKB)11500074 035 $a(MiAaPQ)EBC284203 035 $a(EXLCZ)991000000000341959 100 $a20040804d2005 uy 0 101 0 $aeng 135 $aur|n|---||||| 181 $ctxt 182 $cc 183 $acr 200 00$aVentricular function and blood flow in congenital heart disease$b[electronic resource] /$fedited by Mark A. Fogel 210 $aMalden, Mass. $cBlackwell Futura$d2005 215 $a1 online resource (394 p.) 300 $aDescription based upon print version of record. 311 $a1-4051-2211-0 320 $aIncludes bibliographical references and index. 327 $aVentricular Function and Blood Flow in Congenital Heart Disease; Contents; List of Contributors; Foreword; Preface; Acknowledgments; PART I Overview; 1 Pediatric Congenital and Acquired Heart Disease as It Relates to Ventricular Function and Blood Flow; 2 Ventricular Function&mdesh; The Basics of the Discipline; 3 Blood Flow-The Basics of the Discipline; 4 History and Physical Examination; 5 Plain Radiographic Examination of the Heart and Chest; 6 Cardiac Catheterization; PART II Techniques in Assessing Ventricular Function; 7 Echocardiography and Doppler Ultrasound 327 $a8 Magnetic Resonance Imaging9 Nuclear Cardiology and Positron Emission Tomography; 10 Exercise Testing; PART III Ventricular Function in Speci.c Categories; 11 Ventricular Function in Pressure Overload Lesions; 12 Ventricular Function in Volume Overload Lesions; 13 The Right Ventricle in a Dual Chambered Circulation; 14 The Left Ventricle in a Dual Chambered Circulation; 15 Blood Flow in the Normal and Diseased Aorta; 16 Blood Flow in Normal and Diseased Pulmonary Arteries; 17 Considerations in the Single Ventricle; 18 Exercise Performance in Fontan Patients 327 $a19 Considerations in Intensive CarePART IV Ventricular Function and Blood Flow in Speci.c Categories; 20 Considerations in Catheter Interventions; 21 Pharmacology and Ventricular Performance; Index 330 $aInfants, children and adolescents with congenital heart disease (CHD) are a challenge to manage and an ever-increasing number are reaching adulthood. CHD is one of the most important topics in cardiology today, yet this book is the only clinically-orientated monograph devoted exclusively to ventricular function and blood flow as it relates to CHD. Written by a distinguished panel of cardiologists, bioengineers, physiologists, and clinical investigators, Ventricular Function and Blood Flow in Congenital Heart Disease is an extensive and comprehensive presentati 606 $aCongenital heart disease in children$xPathophysiology 606 $aHeart$xVentricles 615 0$aCongenital heart disease in children$xPathophysiology. 615 0$aHeart$xVentricles. 676 $a616.12043 676 $a618.92/12043 676 $a618.9212043 701 $aFogel$b Mark A$0857147 801 0$bMiAaPQ 801 1$bMiAaPQ 801 2$bMiAaPQ 906 $aBOOK 912 $a996205519503316 996 $aVentricular function and blood flow in congenital heart disease$92004379 997 $aUNISA